| 000 | 00395nam a22001697a 4500 | ||
|---|---|---|---|
| 005 | 20160628094533.0 | ||
| 008 | 160628b xxu||||| |||| 00| 0 eng d | ||
| 020 | _a81-7036-751-4 | ||
| 041 | _aeng | ||
| 082 | _b10705 | ||
| 100 |
_aMichael, S.M. _93017 |
||
| 245 | _aDatits in modern India | ||
| 260 |
_bVistaar Publication _c1999 |
||
| 300 | _a339 | ||
| 650 |
_aManagement _9241 |
||
| 942 | _cBK | ||
| 999 |
_c4360 _d4359 |
||